145_ Personnalités nées un 25 mai par images - Statistiques

Statistiques générales
  • Ce quiz a été pris 26 fois
  • Le résultat moyen est 4 sur 9
Statistiques - réponses
Par images Hint Réponse % Correct
Politicien François Bayrou
92%
Animateur Gilles Bouleau
69%
Acteur Cilian Murphy
50%
Chanteur Pierre Bachelet
46%
Rugbyman Jonny Wilkinson
42%
Acteur Ian McKellen
31%
Dirigeant Politique Josip Broz Tito
31%
Actrice Octavia Spencer
4%
Réalisateur Frank Oz
0%
Aucun quiz correspondant
Distribution des résultats
% des personnes avec chaque résultat
Percentile par nombre de réponses
Votre historique - résultats
Vous n’avez pas pris ce quiz